The molonglo reference catalogue of radio sources (Record no. 11805)

MARC details
000 -LEADER
fixed length control field 00568nam a2200193Ia 4500
003 - CONTROL NUMBER IDENTIFIER
control field IN-BaIIA
008 - FIXED-LENGTH DATA ELEMENTS--GENERAL INFORMATION
fixed length control field 211028s9999 xx 000 0 eng d
040 ## - CATALOGING SOURCE
Transcribing agency IIA Library
080 ## - UNIVERSAL DECIMAL CLASSIFICATION NUMBER
Universal Decimal Classification number 52-77
Item number THE
100 ## - MAIN ENTRY--PERSONAL NAME
Personal name Large,M I
9 (RLIN) 20489
245 #4 - TITLE STATEMENT
Title The molonglo reference catalogue of radio sources
Statement of responsibility, etc. M I Large...[et.al]
260 ## - PUBLICATION, DISTRIBUTION, ETC.
Date of publication, distribution, etc. 1981
300 ## - PHYSICAL DESCRIPTION
Extent 270p.
650 ## - SUBJECT ADDED ENTRY--TOPICAL TERM
Topical term or geographic name entry element Molonglo reference
9 (RLIN) 20490
650 ## - SUBJECT ADDED ENTRY--TOPICAL TERM
Topical term or geographic name entry element Radio sources
9 (RLIN) 3666
700 ## - ADDED ENTRY--PERSONAL NAME
Personal name Little, A. G.
9 (RLIN) 20491
700 ## - ADDED ENTRY--PERSONAL NAME
Personal name Mills, B. Y.
9 (RLIN) 20492
942 ## - ADDED ENTRY ELEMENTS (KOHA)
Koha item type Books
Holdings
Withdrawn status Lost status Damaged status Not for loan Home library Current library Shelving location Date acquired Total Checkouts Full call number Barcode Date last seen Price effective from Koha item type
        IIA Library-Bangalore IIA Library-Bangalore General Stacks 15/07/1996   52-77/ THE 12720 05/11/2021 15/07/1996 Books

Powered by Koha